| 000 | 00486 a2200169 4500 | ||
|---|---|---|---|
| 999 |
_c7153 _d7153 |
||
| 020 | _a97881131715802 | ||
| 050 | _aHB172.5 ABE 2005 | ||
| 100 |
_aAbel, Andrew B. _eauthor |
||
| 245 |
_aMa[croeconomics / _cAndrew B. Abel & Ben S. Bernanke |
||
| 250 | _a5th ed. | ||
| 264 |
_aNew Delhi : _bPearson Education, _c2005. |
||
| 300 |
_a630p. : _bill. |
||
| 500 | _aIncludes index | ||
| 650 | _aMacroeconomics | ||
| 700 |
_aBernanke, Ben S. _eauthor |
||
| 942 |
_2lcc _cBK _e5th ed. _h172.5 _iABE _kHB |
||